000 00539nam a2200181Ia 4500
008 230718s9999 xx 000 0 und d
020 _a9788194435006
041 _aeng
082 _a001.422
_bBRU
100 _aBruce P.
_9200713
245 _aPractical Statistics For Data Scientists
_b50+Essential Concepts Using R And Python
250 _a2nd ed
260 _c2020
_bO'Reilly/SPD
300 _a342
365 _cRs.
_b1475.00
700 _aBruce P.; Bruce A. & Gedeck P.
906 _dO:0751919-Sep-2022B:1169312-Sep-2022
_cTE
_b1475
999 _c352621
_d352621